Data transmission and data processing dictionary ; a compilation of terminology in the fields of data processing, telephony, telegraphy, facsimile, and data transmission /

Bibliographic Details
Main Author: Holmes, James F.
Format: Book
Language:English
Published: New York : J. F. Rider, [1965]
Subjects:

MARC

Tag First Indicator Second Indicator Subfields
LEADER 00000cam a2200000 4500
001 in00000097238
005 20150925114607.0
008 710831s1965 nyu d 00010 eng
010 |a  65014763  
035 |a (OCoLC)00722671 
035 |9 AAL2693AM 
040 |a DLC  |c DLC  |d TXA  |d UtOrBLW 
049 |a TXAM  |c [416138] 
050 0 0 |a TK5102  |b .H6 
082 0 |a 621.3803 
100 1 |a Holmes, James F. 
245 1 0 |a Data transmission and data processing dictionary ;  |b a compilation of terminology in the fields of data processing, telephony, telegraphy, facsimile, and data transmission /  |c [by] James F. Holmes. 
264 1 |a New York :  |b J. F. Rider,  |c [1965] 
300 |a vi, 103 pages ;  |c 23 cm. 
336 |a text  |b txt  |2 rdacontent 
337 |a unmediated  |b n  |2 rdamedia 
338 |a volume  |b nc  |2 rdacarrier 
650 0 |a Telecommunication  |v Dictionaries. 
650 0 |a Electronic data processing  |v Dictionaries. 
999 |a MARS 
999 f f |s e0cdfa01-459b-3f11-af05-d40757b40897  |i d3f505cf-4501-31d4-8a66-531654b16412  |t 0 
952 f f |p ric  |a Texas A&M University  |b Rellis Campus  |c Joint Library Facility  |d Remote Storage  |t 0  |e TK5102 .H6  |h Library of Congress classification  |i unmediated -- volume  |m A14805480024 
998 f f |a TK5102 .H6  |t 0  |l Remote Storage